| 000 | 00562nam a2200229Ia 4500 | ||
|---|---|---|---|
| 003 | OSt | ||
| 005 | 20220918203004.0 | ||
| 006 | a|||||r|||| 00| 0 | ||
| 007 | ta | ||
| 008 | 220917b |||||||| |||| 00| 0 eng d | ||
| 024 | _a105,290 | ||
| 037 | _cTextual | ||
| 040 |
_aARTS _cARTS _beng |
||
| 041 |
_2eng _aeng |
||
| 082 | _aV291.N74, L8 | ||
| 100 | _aIqbal Singh N | ||
| 245 | 0 | _aAndaman study | |
| 260 |
_aN.D _bVikas Pub _c1978 |
||
| 650 | _aHISTORY | ||
| 942 |
_hV291.N74, L8 _cTEXL _2CC |
||
| 999 |
_c228650 _d228650 |
||